[Event "Titled Tuesday intern op 16th Apr Early"]
[Site "Chess.com INT"]
[Date "2024.04.16"]
[Round "1"]
[White "Amador Garcia, Ismael"]
[Black "Farahat, Ali"]
[Result "0-1"]
[WhiteElo "2233"]
[BlackElo "2327"]
[PlyCount "58"]
[EventDate "2024.04.16"]
[EventType "swiss (blitz)"]
[EventRounds "11"]
[EventCountry "USA"]
[SourceTitle "CB17_2024"]
[SourceDate "2024.04.24"]
[SourceVersion "1"]
[SourceVersionDate "2024.04.24"]
[SourceQuality "1"]

1. e4 e5 2. Nf3 Nc6 3. Bb5 a6 4. Ba4 b5 5. Bb3 Nf6 6. Ng5 d5 7. exd5 Nd4 8. Nc3 h6 9. Nge4 Nxe4 10. Nxe4 Nxb3 11. axb3 Qxd5 12. d3 Bb7 13. 0-0 Be7 14. Qg4 g6 15. Qg3 Rg8 16. Bd2 f5 17. Nc3 Qc6 18. Rae1 0-0-0 19. Rc1 Bd6 20. Qh3 Kb8 21. f3 Rdf8 22. Kh1 g5 23. Qxh6 e4 24. h3 exf3 25. Rxf3 g4 26. hxg4 Rh8 27. g5 Rxh6+ 28. gxh6 Qd7 29. Rf2 Qf7 0-1

[Event "Titled Tuesday intern op 13th Feb Early"]
[Site "Chess.com INT"]
[Date "2024.02.13"]
[Round "3"]
[White "Farahat, Ali"]
[Black "Schut, Han"]
[Result "1-0"]
[WhiteElo "2327"]
[BlackElo "2091"]
[PlyCount "51"]
[EventDate "2024.02.13"]
[EventType "swiss (blitz)"]
[EventRounds "11"]
[EventCountry "USA"]
[SourceTitle "CB08_2024"]
[SourceDate "2024.02.21"]
[SourceVersion "1"]
[SourceVersionDate "2024.02.21"]
[SourceQuality "1"]

1. d4 Nf6 2. Nf3 g6 3. g3 Bg7 4. Bg2 0-0 5. c4 d5 6. cxd5 Nxd5 7. 0-0 c5 8. e4 Nb6 9. d5 e6 10. Nc3 exd5 11. exd5 Bf5 12. Be3 c4 13. Bd4 Bd3 14. Bxg7 Kxg7 15. Re1 Nxd5 16. Nxd5 Qxd5 17. Ne5 Qb5 18. a4 Qa6 19. b4 Rd8 20. Qf3 f6 21. Nxd3 cxd3 22. Re7+ Kh8 23. Qe3 d2 24. Rd1 Nc6 25. Bxc6 bxc6 26. Qh6 1-0

[Event "Titled Tuesday intern op 06th Feb Early"]
[Site "Chess.com INT"]
[Date "2024.02.06"]
[Round "5"]
[White "Farahat, Ali"]
[Black "Dragnev, Valentin"]
[Result "0-1"]
[WhiteElo "2327"]
[BlackElo "2571"]
[PlyCount "54"]
[EventDate "2024.02.06"]
[EventType "swiss (blitz)"]
[EventRounds "11"]
[EventCountry "USA"]
[SourceTitle "CB07_2024"]
[SourceDate "2024.02.14"]
[SourceVersion "1"]
[SourceVersionDate "2024.02.14"]
[SourceQuality "1"]

1. d4 Nf6 2. Nf3 b6 3. e3 Bb7 4. Bd3 g6 5. 0-0 Bg7 6. c4 0-0 7. Nc3 d5 8. cxd5 Nxd5 9. e4 Nxc3 10. bxc3 c5 11. Qe2 cxd4 12. cxd4 Nc6 13. Bb2 Nxd4 14. Bxd4 Bxd4 15. Rad1 Bg7 16. Ba6 Qc8 17. Bxb7 Qxb7 18. e5 e6 19. Rd6 Rfd8 20. Rfd1 Rxd6 21. exd6 Rd8 22. h4 Bf8 23. Qe5 Qc6 24. d7 Rxd7 25. Rxd7 Qxd7 26. Qb8 Qd1+ 27. Kh2 Qd6+ 0-1

[Event "Titled Tuesday intern op 06th Feb Early"]
[Site "Chess.com INT"]
[Date "2024.02.06"]
[Round "7"]
[White "Farahat, Ali"]
[Black "Yuan, Qingyu"]
[Result "1-0"]
[WhiteElo "2327"]
[BlackElo "2360"]
[PlyCount "131"]
[EventDate "2024.02.06"]
[EventType "swiss (blitz)"]
[EventRounds "11"]
[EventCountry "USA"]
[SourceTitle "CB07_2024"]
[SourceDate "2024.02.14"]
[SourceVersion "1"]
[SourceVersionDate "2024.02.14"]
[SourceQuality "1"]

1. e4 g6 2. h4 h5 3. Nc3 Bg7 4. d4 c5 5. Be3 cxd4 6. Bxd4 Nf6 7. e5 Ng4 8. e6 f6 9. f3 Nh6 10. exd7+ Bxd7 11. Qd2 Nc6 12. Bf2 Nf5 13. g4 Bh6 14. g5 fxg5 15. hxg5 Bg7 16. 0-0-0 Qa5 17. Qxd7+ Kf8 18. Rd5 Qb4 19. Rxf5+ gxf5 20. Qxf5+ Kg8 21. g6 Bh6+ 22. Kb1 Rf8 23. Qe6+ Kg7 24. Bd3 Rf6 25. Qe4 Qd6 26. Nge2 Rhf8 27. Nd4 Ne5 28. Bg3 Bf4 29. Ncb5 Qd7 30. Bxf4 Nxd3 31. cxd3 a6 32. Nc3 Rxg6 33. Be5+ Kh6 34. a3 b5 35. f4 Qg4 36. f5 Qxe4 37. Nxe4 Rg2 38. Ne6 Rc8 39. Nf4 Rg5 40. Nxg5 Kxg5 41. Rxh5+ Kg4 42. Rh7 Kxf5 43. d4 Re8 44. Rh6 Ke4 45. Rxa6 Rg8 46. Rb6 Ke3 47. Rxb5 Kd2 48. Ka2 Kc2 49. Rb7 Rg3 50. Rc7+ Kd1 51. Nd5 Rg2 52. Ne3+ Kd2 53. Nxg2 e6 54. Re7 Kd3 55. Ne1+ Kc4 56. d5 Kb5 57. Bc7 Kc5 58. d6 e5 59. Rxe5+ Kc6 60. Rc5+ Kb7 61. Nd3 Kc8 62. Kb3 Kd7 63. Kc4 Kc8 64. Kd5 Kb7 65. Rb5+ Kc8 66. Rb8+ 1-0

[Event "Titled Tuesday intern op 06th Feb Early"]
[Site "Chess.com INT"]
[Date "2024.02.06"]
[Round "6"]
[White "Pinero Rodriguez, Carlos Jose"]
[Black "Farahat, Ali"]
[Result "0-1"]
[WhiteElo "2242"]
[BlackElo "2327"]
[PlyCount "106"]
[EventDate "2024.02.06"]
[EventType "swiss (blitz)"]
[EventRounds "11"]
[EventCountry "USA"]
[SourceTitle "CB07_2024"]
[SourceDate "2024.02.14"]
[SourceVersion "1"]
[SourceVersionDate "2024.02.14"]
[SourceQuality "1"]

1. e4 e5 2. Nf3 Nc6 3. Bb5 a6 4. Ba4 b5 5. Bb3 Nf6 6. d3 Bc5 7. c3 d6 8. h3 h6 9. Nbd2 0-0 10. Nf1 d5 11. Qe2 Be6 12. Ng3 Na5 13. Bc2 Re8 14. b4 dxe4 15. dxe4 Bc4 16. Qd1 Qe7 17. bxc5 Rad8 18. Nd2 Qxc5 19. Qf3 Nc6 20. Nxc4 Qxc4 21. Ne2 Nd4 22. cxd4 Qxc2 23. 0-0 exd4 24. Bxh6 gxh6 25. Ng3 Nxe4 26. Nf5 Ng5 27. Nxh6+ Kh7 28. Qf4 Kxh6 29. h4 Qg6 30. hxg5+ Qxg5 31. Qxc7 Rg8 32. g3 d3 33. Kg2 Qd5+ 34. f3 Rge8 35. Qf4+ Kg6 36. Rf2 Qf5 37. Qd2 Rh8 38. g4 Qe5 39. Rh1 Rxh1 40. Kxh1 Rh8+ 41. Kg1 Qg3+ 42. Rg2 Qxf3 43. Qc3 Qe3+ 44. Rf2 Qg3+ 45. Rg2 Qe3+ 46. Rf2 Rh1+ 47. Kxh1 Qxf2 48. Qxd3+ Kg5 49. Qe4 Kh4 50. Qh7+ Kg3 51. Qd3+ Qf3+ 52. Qxf3+ Kxf3 53. g5 Kg4 0-1

[Event "Titled Tuesday intern op 19th Dec Early"]
[Site "Chess.com INT"]
[Date "2023.12.19"]
[Round "2"]
[White "Farahat, Ali"]
[Black "Klimkowski, Jan"]
[Result "1-0"]
[WhiteElo "2327"]
[BlackElo "2530"]
[PlyCount "55"]
[EventDate "2023.12.19"]
[EventType "swiss (blitz)"]
[EventRounds "11"]
[EventCountry "USA"]
[SourceTitle "CB52_2023"]
[SourceDate "2023.12.27"]
[SourceVersion "1"]
[SourceVersionDate "2023.12.27"]
[SourceQuality "1"]

1. d4 Nf6 2. Nf3 e6 3. e3 d5 4. Bd3 c5 5. b3 Nc6 6. 0-0 Bd6 7. dxc5 Bxc5 8. Bb2 0-0 9. a3 b6 10. Nbd2 Bb7 11. b4 Be7 12. c4 a5 13. b5 Nb8 14. Qc2 h6 15. Rfd1 Nbd7 16. Rac1 Nc5 17. cxd5 Nxd3 18. Qxd3 Qxd5 19. Qxd5 Bxd5 20. Bxf6 Bxf6 21. e4 Bb7 22. e5 Be7 23. Nc4 Bc5 24. Nd4 Bd5 25. Nc6 a4 26. h4 Rfc8 27. Nxb6 Rxc6 28. Nxa8 1-0

[Event "Dubai op-A 23rd"]
[Site "Dubai"]
[Date "2023.06.02"]
[Round "7"]
[White "Erdogmus, Yagiz Kaan"]
[Black "Farahat, Ali"]
[Result "1-0"]
[WhiteElo "2470"]
[BlackElo "2361"]
[PlyCount "119"]
[EventDate "2023.05.27"]
[EventType "swiss"]
[EventRounds "9"]
[EventCountry "UAE"]
[SourceTitle "CBM 214 Extra"]
[Source "ChessBase"]
[SourceDate "2023.07.31"]
[SourceVersion "1"]
[SourceVersionDate "2023.07.31"]
[SourceQuality "1"]

1. e4 e5 2. Nf3 Nc6 3. Bb5 a6 4. Ba4 b5 5. Bb3 Nf6 6. 0-0 Bc5 7. a4 Rb8 8. Nxe5 Nxe5 9. d4 Bxd4 10. Qxd4 d6 11. f4 Nc6 12. Qd3 0-0 13. Nc3 Na5 14. Ba2 Nc6 15. Bb1 Bb7 16. axb5 axb5 17. Qxb5 Nd4 18. Qd3 c5 19. Ba2 Ra8 20. e5 Ba6 21. Bxf7+ Rxf7 22. Rxa6 Rxa6 23. Qxa6 dxe5 24. fxe5 Ng4 25. Rxf7 Kxf7 26. Qc4+ Kg6 27. Qd3+ Kf7 28. Qc4+ Kg6 29. h3 Nxe5 30. Qxc5 Qf6 31. Be3 Ne6 32. Qd6 Nf8 33. Qd5 Qe6 34. Bd4 Nc6 35. Bc5 Qxd5 36. Nxd5 Ne6 37. Be3 Kf5 38. Kf2 Ke5 39. c4 Na5 40. Nb6 Nb3 41. Na4 Na5 42. c5 Nb3 43. Ke2 Ke4 44. Nc3+ Ke5 45. Na4 Ke4 46. g3 g6 47. h4 h5 48. Bf2 g5 49. hxg5 Nxg5 50. Nc3+ Ke5 51. Kd3 Ne6 52. Kc4 Na5+ 53. Kb4 Nc6+ 54. Kb5 Ned8 55. b4 Ke6 56. Ne2 Kd7 57. Nf4 Ne5 58. Nxh5 Ndc6 59. Nf4 Na7+ 60. Ka6 1-0

[Event "Baku White Rook Cup"]
[Site "Baku"]
[Date "2023.01.05"]
[Round "4"]
[White "Farahat, Ali"]
[Black "Lu, Miaoyi"]
[Result "1-0"]
[WhiteElo "2363"]
[BlackElo "2399"]
[PlyCount "89"]
[EventDate "2023.01.03"]
[EventType "tourn"]
[EventRounds "9"]
[EventCountry "AZE"]
[EventCategory "6"]
[SourceTitle "CBM 212 Extra"]
[Source "ChessBase"]
[SourceDate "2023.03.31"]
[SourceVersion "1"]
[SourceVersionDate "2023.03.31"]
[SourceQuality "1"]

1. e4 c5 2. Nf3 Nc6 3. Bb5 e6 4. 0-0 Nge7 5. c3 a6 6. Ba4 b5 7. Bc2 Bb7 8. a4 d5 9. axb5 axb5 10. Rxa8 Bxa8 11. Na3 b4 12. Nb5 Qb8 13. exd5 Nxd5 14. c4 Nb6 15. b3 Na7 16. Nxa7 Qxa7 17. d4 Be7 18. Be3 Qc7 19. Qd3 Nd7 20. Ra1 Bxf3 21. gxf3 Qb7 22. Qe4 Qxe4 23. Bxe4 0-0 24. d5 f5 25. Ra7 Ne5 26. Rxe7 fxe4 27. fxe4 Nf3+ 28. Kg2 exd5 29. cxd5 c4 30. bxc4 Ne1+ 31. Kf1 Nc2 32. Ke2 Ra8 33. d6 Nxe3 34. Kxe3 Rb8 35. d7 Kf8 36. Re8+ Rxe8 37. dxe8Q+ Kxe8 38. Kd3 Kd7 39. Kc2 Kc6 40. Kb3 Kc5 41. e5 g5 42. f3 h5 43. h3 h4 44. e6 Kd6 45. Kxb4 1-0

[Event "UAE National Day 51st"]
[Site "Sharjah"]
[Date "2022.12.04"]
[Round "8"]
[White "Iordachescu, Viorel"]
[Black "Farahat, Ali"]
[Result "1-0"]
[WhiteElo "2584"]
[BlackElo "2363"]
[PlyCount "46"]
[EventDate "2022.12.03"]
[EventType "swiss (rapid)"]
[EventRounds "10"]
[EventCountry "UAE"]
[SourceTitle "CBM 211 Extra"]
[Source "ChessBase"]
[SourceDate "2023.01.31"]
[SourceVersion "1"]
[SourceVersionDate "2023.01.31"]
[SourceQuality "1"]

1. e4 e5 2. Nf3 Nc6 3. Bb5 a6 4. Ba4 Nf6 5. 0-0 Be7 6. Bxc6 dxc6 7. d3 Nd7 8. Nbd2 0-0 9. Nc4 Bd6 10. Kh1 Re8 11. Bg5 Be7 12. Bd2 Bf6 13. g4 Nb6 14. Ne3 g6 15. Rg1 Bg7 16. Qf1 Nd7 17. Nf5 gxf5 18. gxf5 Nf8 19. Qh3 f6 20. Rxg7+ Kxg7 21. Qh6+ Kh8 22. Rg1 Qe7 23. Nxe5 Qd8 1-0

[Event "UAE National Day 51st"]
[Site "Sharjah"]
[Date "2022.12.03"]
[Round "4"]
[White "Farahat, Ali"]
[Black "Arellano, Bryle"]
[Result "1/2-1/2"]
[WhiteElo "2363"]
[BlackElo "2144"]
[PlyCount "108"]
[EventDate "2022.12.03"]
[EventType "swiss (rapid)"]
[EventRounds "10"]
[EventCountry "UAE"]
[SourceTitle "CBM 211 Extra"]
[Source "ChessBase"]
[SourceDate "2023.01.31"]
[SourceVersion "1"]
[SourceVersionDate "2023.01.31"]
[SourceQuality "1"]

1. e4 c6 2. d4 d5 3. Nd2 a6 4. Ngf3 Bg4 5. h3 Bxf3 6. Qxf3 e6 7. c3 Nf6 8. Bd3 Be7 9. 0-0 0-0 10. Re1 dxe4 11. Nxe4 Nbd7 12. Nxf6+ Nxf6 13. Bf4 Qd5 14. Qd1 c5 15. dxc5 Rfd8 16. Bc2 Qxc5 17. Qf3 Qd5 18. Qe2 Rac8 19. Bb3 Qd3 20. Rad1 Qxe2 21. Rxe2 Rxd1+ 22. Bxd1 b5 23. a3 Nd5 24. Be5 Nb6 25. Bb3 Nc4 26. Bxc4 bxc4 27. Kf1 Rc5 28. Ke1 Rd5 29. Bd4 Bd6 30. Bb6 Rb5 31. Bd8 h6 32. a4 Rb8 33. Ba5 e5 34. g4 g6 35. Rd2 Be7 36. Bc7 Re8 37. Rd5 Bg5 38. Rxe5 Rc8 39. Bb6 Bc1 40. Re2 Rc6 41. a5 Re6 42. Be3 Bxe3 43. Rxe3 Rc6 44. Re5 Kg7 45. Kd2 Kf6 46. Rd5 Ke6 47. Rd4 Rc5 48. Kc2 g5 49. Rd8 Rxa5 50. Rh8 Re5 51. Rxh6+ f6 52. Kd2 Rb5 53. Kc2 Re5 54. Kd2 Rb5 1/2-1/2

[Event "Sharjah Blitz op 27th"]
[Site "Sharjah"]
[Date "2022.04.08"]
[Round "2"]
[White "Alkhour, Seifedin"]
[Black "Farahat, Ali"]
[Result "0-1"]
[WhiteElo "1327"]
[BlackElo "2381"]
[PlyCount "62"]
[EventDate "2022.04.08"]
[EventType "swiss (blitz)"]
[EventRounds "9"]
[EventCountry "UAE"]
[SourceTitle "CBM 207 Extra"]
[Source "ChessBase"]
[SourceDate "2022.05.31"]
[SourceVersion "1"]
[SourceVersionDate "2022.05.31"]
[SourceQuality "1"]

1. e4 e5 2. Nf3 Nc6 3. d4 exd4 4. Nxd4 Bc5 5. Be3 Qf6 6. c3 Nge7 7. Be2 0-0 8. 0-0 Rd8 9. Nb5 Bxe3 10. fxe3 Qe5 11. Nd2 a6 12. Nf3 Qc5 13. Nxc7 Rb8 14. Kh1 d6 15. Qb3 Na5 16. Qc2 Qxc7 17. b4 Nac6 18. Qb3 Be6 19. Bc4 Na5 20. bxa5 Bxc4 21. Qa3 Bxf1 22. Rxf1 Ng6 23. Ng5 Ne5 24. Qb2 h6 25. Nh3 Qc4 26. Rd1 Rbc8 27. Rc1 Nd3 28. Qc2 Nxc1 29. Qxc1 Qxc3 30. Qf1 Qd2 31. Nf4 Rc1 0-1

[Event "Sharjah Blitz op 27th"]
[Site "Sharjah"]
[Date "2022.04.08"]
[Round "5"]
[White "Farahat, Ali"]
[Black "Sindarov, Javokhir"]
[Result "0-1"]
[WhiteElo "2381"]
[BlackElo "2609"]
[PlyCount "86"]
[EventDate "2022.04.08"]
[EventType "swiss (blitz)"]
[EventRounds "9"]
[EventCountry "UAE"]
[SourceTitle "CBM 207 Extra"]
[Source "ChessBase"]
[SourceDate "2022.05.31"]
[SourceVersion "1"]
[SourceVersionDate "2022.05.31"]
[SourceQuality "1"]

1. e4 e5 2. Nf3 Nc6 3. Bb5 a6 4. Ba4 Nf6 5. d3 d6 6. c3 g6 7. 0-0 Bg7 8. Re1 0-0 9. Nbd2 b5 10. Bb3 Bb7 11. Nf1 Nb8 12. a4 Nbd7 13. Ng3 Nc5 14. axb5 axb5 15. Rxa8 Qxa8 16. Bc2 Re8 17. Be3 Ne6 18. h3 Qa2 19. Qb1 Ra8 20. Qxa2 Rxa2 21. Rb1 Nd7 22. Ne1 Ndc5 23. Ne2 d5 24. b4 Na4 25. exd5 Bxd5 26. Bxa4 bxa4 27. Nc1 Ra3 28. Bd2 e4 29. Nc2 Rxc3 30. Bxc3 Bxc3 31. b5 Nc5 32. Nb4 Be6 33. dxe4 Nxe4 34. Ne2 Bf6 35. Nc2 Bb3 36. Ncd4 Bc4 37. b6 cxb6 38. Rxb6 a3 39. Rb8+ Kg7 40. Ra8 a2 41. f3 Nc3 42. Kf2 Nxe2 43. Nxe2 a1Q 0-1

[Event "Sharjah Blitz op 27th"]
[Site "Sharjah"]
[Date "2022.04.08"]
[Round "4"]
[White "Sameir, Ramez"]
[Black "Farahat, Ali"]
[Result "0-1"]
[WhiteElo "1896"]
[BlackElo "2381"]
[PlyCount "127"]
[EventDate "2022.04.08"]
[EventType "swiss (blitz)"]
[EventRounds "9"]
[EventCountry "UAE"]
[SourceTitle "CBM 207 Extra"]
[Source "ChessBase"]
[SourceDate "2022.05.31"]
[SourceVersion "1"]
[SourceVersionDate "2022.05.31"]
[SourceQuality "1"]

1. e4 e5 2. Nf3 Nc6 3. Nc3 Nf6 4. d4 exd4 5. Nxd4 Bb4 6. Nxc6 bxc6 7. Bd3 0-0 8. 0-0 Re8 9. Qf3 Rb8 10. Bg5 h6 11. Bh4 Bd6 12. Rab1 Be5 13. h3 d6 14. Bg3 Qe7 15. Bxe5 dxe5 16. Qe3 c5 17. Na4 Nd7 18. f4 exf4 19. Rxf4 Rb4 20. b3 Rd4 21. Rbf1 Ne5 22. Bb5 c6 23. Be2 Red8 24. c3 Rd2 25. Nxc5 Rxe2 26. Qxe2 Qxc5+ 27. Kh2 Qxc3 28. Rd1 Rxd1 29. Qxd1 Be6 30. Qd6 Kh7 31. Qb8 a5 32. Qc7 Ng6 33. Rf3 Qe5+ 34. Qxe5 Nxe5 35. Rc3 Kg6 36. Rc5 a4 37. Rxe5 axb3 38. axb3 Bxb3 39. Rc5 Ba4 40. Kg3 Kf6 41. Kf4 Ke6 42. Ra5 Bb5 43. Ra7 g5+ 44. Ke3 Bc4 45. Rc7 Kd6 46. Ra7 Be6 47. Ra8 c5 48. Rh8 Ke5 49. Rxh6 c4 50. Rh8 c3 51. Ra8 c2 52. Ra1 Ba2 53. Rc1 Bb1 54. g3 f6 55. h4 gxh4 56. gxh4 f5 57. exf5 Kxf5 58. Kf3 Kg6 59. Kg4 Kh6 60. h5 Kg7 61. Kg5 Kf7 62. h6 Kg8 63. Kg6 Kh8 64. Rxc2 0-1

[Event "Titled Tuesday intern op 08th Mar Early"]
[Site "Chess.com INT"]
[Date "2022.03.08"]
[Round "3"]
[White "Svane, Frederik"]
[Black "Farahat, Ali"]
[Result "1-0"]
[WhiteElo "2496"]
[BlackElo "2381"]
[PlyCount "97"]
[EventDate "2022.03.08"]
[EventType "swiss (blitz)"]
[EventRounds "11"]
[EventCountry "USA"]
[SourceTitle "CBM 207 Extra"]
[Source "ChessBase"]
[SourceDate "2022.05.31"]
[SourceVersion "1"]
[SourceVersionDate "2022.05.31"]
[SourceQuality "1"]

1. e4 e5 2. Nf3 Nc6 3. Bb5 a6 4. Ba4 Nf6 5. Nc3 d6 6. Bxc6+ bxc6 7. d4 Nd7 8. 0-0 Be7 9. dxe5 Nxe5 10. Nxe5 dxe5 11. Be3 Rb8 12. b3 0-0 13. Na4 Be6 14. Qxd8 Rfxd8 15. Rfd1 f6 16. Bc5 Bd6 17. Rd3 f5 18. f3 fxe4 19. fxe4 Rb5 20. Kh1 Rd7 21. Rad1 Bg4 22. R1d2 Rf7 23. Bf2 h5 24. h3 Be6 25. Kg1 Kh7 26. c4 Rb8 27. Bc5 Rbf8 28. Bxd6 cxd6 29. Rxd6 Rf1+ 30. Kh2 R8f6 31. Rxc6 h4 32. Nc5 Bg8 33. Rxf6 Rxf6 34. Nd3 Rd6 35. Kg1 Rd4 36. Kf2 Rxe4 37. Re2 Rd4 38. Nxe5 a5 39. Nf3 Rf4 40. Re5 a4 41. Rh5+ Kg6 42. Rxh4 axb3 43. axb3 Rf8 44. Rg4+ Kh6 45. Rh4+ Kg6 46. Rg4+ Kh6 47. Rd4 g5 48. Rd6+ Kh5 49. g4# 1-0

[Event "Sharjah Masters 4th"]
[Site "Sharjah"]
[Date "2021.09.20"]
[Round "4"]
[White "Zaibi, Amir"]
[Black "Farahat, Ali"]
[Result "0-1"]
[WhiteElo "2398"]
[BlackElo "2404"]
[PlyCount "76"]
[EventDate "2021.09.17"]
[EventType "swiss"]
[EventRounds "9"]
[EventCountry "UAE"]
[SourceTitle "CBM 204 Extra"]
[Source "ChessBase"]
[SourceDate "2021.11.30"]
[SourceVersion "1"]
[SourceVersionDate "2021.11.30"]
[SourceQuality "1"]

1. c4 e5 2. Nc3 Nf6 3. e3 Nc6 4. a3 d5 5. cxd5 Nxd5 6. Qc2 Nxc3 7. Qxc3 a5 8. b3 Bd6 9. Bb2 0-0 10. Nf3 Re8 11. Bb5 Bd7 12. h4 h6 13. h5 Qe7 14. Bd3 Bc5 15. Kf1 Rad8 16. Nh4 Qf8 17. Bf5 Be6 18. d3 Qd6 19. Be4 Bb6 20. Nf5 Bxf5 21. Bxf5 Qf6 22. g4 Ne7 23. Be4 Bxe3 24. Qe1 Bd4 25. Bxd4 Rxd4 26. Qxa5 c6 27. Rh3 Nd5 28. Bxd5 cxd5 29. Re1 Rc8 30. Qb5 Rf4 31. Qxb7 Rc2 32. Qb8+ Kh7 33. Qxe5 Rcxf2+ 34. Kg1 Rf1+ 35. Kh2 R4f2+ 36. Kg3 Rf3+ 37. Kg2 R1f2+ 38. Kg1 Rxh3 0-1

[Event "Sharjah Masters 4th"]
[Site "Sharjah"]
[Date "2021.09.19"]
[Round "3"]
[White "Farahat, Ali"]
[Black "Dixit, Nikhil"]
[Result "0-1"]
[WhiteElo "2404"]
[BlackElo "2321"]
[PlyCount "114"]
[EventDate "2021.09.17"]
[EventType "swiss"]
[EventRounds "9"]
[EventCountry "UAE"]
[SourceTitle "CBM 204 Extra"]
[Source "ChessBase"]
[SourceDate "2021.11.30"]
[SourceVersion "1"]
[SourceVersionDate "2021.11.30"]
[SourceQuality "1"]

1. e4 e6 2. d4 d5 3. Nd2 c5 4. Ngf3 Nc6 5. c3 cxd4 6. cxd4 dxe4 7. Nxe4 Bb4+ 8. Nc3 Nf6 9. Bd3 0-0 10. 0-0 h6 11. a3 Bd6 12. Re1 b6 13. Bc2 Ba6 14. Ne5 Rc8 15. Nxc6 Rxc6 16. Qf3 Rc7 17. Qh3 Bb7 18. Bxh6 Rxc3 19. bxc3 gxh6 20. Qxh6 Re8 21. Re3 Ng4 22. Qh7+ Kf8 23. Qh8+ Ke7 24. Rxe6+ Kxe6 25. Re1+ Kd7 26. Qxe8+ Qxe8 27. Ba4+ Kc7 28. Bxe8 Bxh2+ 29. Kh1 Bd6 30. f3 Nh6 31. a4 Kd8 32. Bb5 Nf5 33. Bd3 Bg3 34. Rb1 Nd6 35. a5 bxa5 36. Ra1 Kc7 37. Rxa5 Kb6 38. Ra2 Bd5 39. Ra6+ Kb7 40. Ra4 Bc6 41. Ra1 Bd5 42. Rb1+ Kc6 43. Ra1 Kb7 44. Ra4 Bc6 45. Rb4+ Kc7 46. c4 Bf2 47. c5 Nc8 48. Be4 Ne7 49. g4 Bxe4 50. fxe4 Nc6 51. Rc4 Bxd4 52. Kg2 Kb7 53. Kh3 Ka6 54. g5 Kb5 55. Rc1 a5 56. Rf1 Ne5 57. Rf6 Bxc5 0-1